| 000 | 00617nam a2200193 a 4500 | ||
|---|---|---|---|
| 001 | ASINB0041H78QC | ||
| 005 | 20170105102932.0 | ||
| 008 | 150403s xxu eng d | ||
| 040 | _a0 | ||
| 082 | _a031 | ||
| 245 | 0 | 0 |
_aCollier's encyclopedia : _bwith bibliography and index. |
| 260 |
_a[S.l.] : _bMacmillan Educational Corporation, |
||
| 300 | _a1 v. (unpaged) | ||
| 490 | 1 | _a24 volumes set. | |
| 520 | _aA brand new encyclopedia for the whole family to enjoy. | ||
| 830 | 0 | _a24 volumes set. | |
| 856 | 4 | 0 |
_3Amazon.com _uhttp://www.amazon.com/exec/obidos/ASIN/B0041H78QC/chopaconline-20 |
| 942 |
_2ddc _cBK |
||
| 999 |
_c16111 _d16111 |
||